000 01550cad a22002775a 4500
001 L158538
008 150414s2014 xxk f 000 0 eng d
035 _a(Sirsi) u158538
041 0 _aeng
110 2 _aUnited Kingdom
_kLaws, etc.
_95044
245 0 4 _aThe Heat Network (Metering and Billing) Regulations 2014
_h[electronic resource]
260 _aLondon
_bHM Government
_c2014
490 0 _aSI
_v2014: 3120
520 _aCame into force on 18 December 2014 except for Regulation 9 which came into force on 31 December 2014 and Regulations 4(4) and 6 which come into force on 31 December 2016. Sets out requirements for suppliers of communal and district heating systems to ensure that users are billed for actual consumption and their obligation to inform the National Measurement Office of the presence of communcal heating systems by 30 April 2015. By 31 December 2016 viability assessments must be carried out to see if it is cost effective and technically feasible to install meters to monitor individual consumption of heating, cooling or hot water.
590 _aKA
650 2 4 _aHEAT NETWORK (METERING AND BILLING) REGULATIONS 2014
650 2 4 _aDISTRICT HEATING
650 2 4 _aCOMMUNAL HEATING
651 4 _aUnited Kingdom
_y
690 _aEnergy
_96237
690 _aCommercial property
_96227
690 _aFacilities management
_96240
690 _aSustainability
_96271
856 4 0 _uhttps://www.legislation.gov.uk/uksi/2014/3120/contents/made
_zView the legislation free of charge at www.legislation.gov.uk
942 _n0
999 _c115365
_d115365